000 00705nam a2200289Ia 4500
005 20260324120829.0
008 008 260324s9999 xx 000 0 eng d
020 _a9781315594064
037 _aEBOOK
040 _aCRL
040 _beng
040 _cCRL
041 _2eng
041 _aeng
084 _qCRL
100 _aDavid K. Anderson
_91160139
245 0 _aMartyrs and Players in Early Modern England
245 0 _bTragedy, Religion and Violence on Stage
260 _bTaylor and Francis
260 _c2014
365 _a
365 _b230
856 _uhttp://www.taylorfrancis.com/books/9781315594064
942 _cEBOOK
999 _c1751863
_d1751863